Supreme Court Cases - Statistics

General Stats
  • This quiz has been taken 21 times
  • The average score is 4 of 16
Answer Stats
Answer % Correct
Madison
85%
Marbury
85%
Maryland
70%
McCulloch
55%
Georgia
50%
Worcester
35%
Fletcher
10%
Hunter’s Lessee
10%
Martin
10%
Peck
10%
Cohen
0%
Pennsylvania
0%
Prigg
0%
Thomas Cooper
0%
United States
0%
Virginia
0%
No matching quizzes found
Score Distribution
Percent of People with Each Score
Percentile by Number Answered
Your Score History
You have not taken this quiz